000 00420cam a22001457a 4500
008 180718b2002 xxu||||| |||| 00| 0 eng d
020 _a8173052220
082 _aBA1x5461 P192
100 _aPande, B.M.
245 _aThe archaeology and monumental remains of Delhi
_cby B.M. Pande
260 _aNew Delhi
_bAryan
_c2002
300 _a189p.
650 _aMonuments - India - Delhi
650 _aArchaeology - India - Delhi
999 _c399329
_d399329